01171nas a2200325 4500001001300000003000900013005001700022007000300039008003400042040005400076041000900130072000800139100002400147100002100171100002000192100001900212245015100231650001200382650000900394650001700403650001400420650001300434650003500447773009500482856003400577909004000611942001800651999001900669952015700688BR2019000943BR-BrBNA20231205131654.0ta230509b bl.|||p| |||| 00| 00por d aBR-BrBNAbporcBiblioteca Nacional de Agricultura a(Pt) aP341 aCarvalho, A.R.V. de1 aSilva, E.M.R. da1 aBaldani, V.L.D.1 aDobereiner, J.1 aAssociação simbiótica de bactérias diazotróficas e fungos micorrízicos arbusculares em mudas de dendezeiro (Elaeis guineensis Jaquim.) aDENDÊ aMUDA aNITROGÊNIO aFÓSFORO aSIMBIOSE aMICORRIZA VESICULAR ARBUSCULAR0 tAgrotrópica (Brazil)xISSN 0103-3816 g(Sep-Dec 1999), v. 11(3) p. 169-176wBR201900094340dLink DSPACE/MAPA BR2019000943 a202311bLúciac55dLúcia Elande 2AGRISn0cANA c256044d256044 002AGRIS4071a41918b41918cPeriódicos Agrícolash(Sep-Dec 1999), v. 11(3) p. 169-176l0r2023-11-29t01yCRePortaria Interministerial nº 164/94